Traditional Aboriginal society /

保存先:
書誌詳細
フォーマット: 図書
言語:English
出版事項: South Yarra [Vic] : Macmillan Education Australia, 1998.
版:2nd ed.
主題:
タグ: タグ追加
タグなし, このレコードへの初めてのタグを付けませんか!
Thư viện lưu trữ: Mạng thư viện Đại học Đà Nẵng
LEADER 00882cam a2200337 i 4500
001 000049030
003 8758
005 20030311151415.0
008 010323|1998 vm 000 eng
020 |a 0732940826 
040 |a IRC  |c IRC  |d IRC 
041 0 |a eng 
082 1 4 |a 306.0899915  |b Tr-A 
245 0 0 |a Traditional Aboriginal society /  |c edited by W. H. Edwards. 
250 |a 2nd ed. 
260 |a South Yarra [Vic] :  |b Macmillan Education Australia,  |c 1998. 
300 |a 315 p. ;  |c 23.5cm. 
630 0 4 |a Customs. 
630 0 4 |a Aborigines. 
630 0 4 |a Australian. 
650 0 4 |a Aborigines, Australian  |x Social life and customs. 
OWN |a DUT 
999 |a From the UDN01 
TYP |a Monograph 
TYP |a Printed language 
980 |a Mạng thư viện Đại học Đà Nẵng